Eigenvalue Problems: Algorithms, Software and Applications in Petascale Computing (Запис № 446404)

МАРК-запис
000 -LEADER
fixed length control field 07223nam a22006975i 4500
001 - CONTROL NUMBER
control field 978-3-319-62426-6
003 - CONTROL NUMBER IDENTIFIER
control field DE-He213
005 - DATE AND TIME OF LATEST TRANSACTION
control field 20210118124131.0
007 - PHYSICAL DESCRIPTION FIXED FIELD--GENERAL INFORMATION
fixed length control field cr nn 008mamaa
008 - FIXED-LENGTH DATA ELEMENTS--GENERAL INFORMATION
fixed length control field 180103s2017 gw | s |||| 0|eng d
020 ## - INTERNATIONAL STANDARD BOOK NUMBER
International Standard Book Number 9783319624266
-- 978-3-319-62426-6
024 7# - OTHER STANDARD IDENTIFIER
Standard number or code 10.1007/978-3-319-62426-6
Source of number or code doi
050 #4 - LIBRARY OF CONGRESS CALL NUMBER
Classification number QA71-90
072 #7 - SUBJECT CATEGORY CODE
Subject category code PDE
Source bicssc
072 #7 - SUBJECT CATEGORY CODE
Subject category code COM014000
Source bisacsh
072 #7 - SUBJECT CATEGORY CODE
Subject category code PDE
Source thema
082 04 - DEWEY DECIMAL CLASSIFICATION NUMBER
Classification number 004
Edition number 23
245 10 - TITLE STATEMENT
Title Eigenvalue Problems: Algorithms, Software and Applications in Petascale Computing
Medium [electronic resource] :
Remainder of title EPASA 2015, Tsukuba, Japan, September 2015 /
Statement of responsibility, etc edited by Tetsuya Sakurai, Shao-Liang Zhang, Toshiyuki Imamura, Yusaku Yamamoto, Yoshinobu Kuramashi, Takeo Hoshi.
250 ## - EDITION STATEMENT
Edition statement 1st ed. 2017.
264 #1 -
-- Cham :
-- Springer International Publishing :
-- Imprint: Springer,
-- 2017.
300 ## - PHYSICAL DESCRIPTION
Extent X, 313 p. 95 illus., 43 illus. in color.
Other physical details online resource.
336 ## -
-- text
-- txt
-- rdacontent
337 ## -
-- computer
-- c
-- rdamedia
338 ## -
-- online resource
-- cr
-- rdacarrier
347 ## -
-- text file
-- PDF
-- rda
490 1# - SERIES STATEMENT
Series statement Lecture Notes in Computational Science and Engineering,
Міжнародний стандартний серійний номер для назви серії (ISSN) 1439-7358 ;
Том/ позначення послідовності 117
505 0# - FORMATTED CONTENTS NOTE
Formatted contents note An Error Resilience Strategy of a Complex Moment-Based Eigensolver: Akira Imakura, Yasunori Futamura, and Tetsuya Sakurai -- Numerical Integral Eigensolver for a Ring Region on the Complex Plane: Yasuyuki Maeda, Tetsuya Sakurai, James Charles, Michael Povolotskyi, Gerhard Klimeck, and Jose E. Roman -- A Parallel Bisection and Inverse Iteration Solver for a Subset of Eigenpairs of Symmetric Band Matrices: Hiroyuki Ishigami, Hidehiko Hasegawa, Kinji Kimura, and Yoshimasa Nakamura -- The Flexible ILU Preconditioning for Solving Large Nonsymmetric Linear Systems of Equations: Takatoshi Nakamura and Takashi Nodera -- Improved Coefficients for Polynomial Filtering in ESSEX: Martin Galgon, Lukas Krämer, Bruno Lang, Andreas Alvermann, Holger Fehske, Andreas Pieper, Georg Hager, Moritz Kreutzer, Faisal Shahzad, Gerhard Wellein, Achim Basermann, Melven Röhrig-Zöllner, and Jonas Thies -- Eigenspectrum Calculation of the O(a)-improved Wilson-Dirac Operator in Lattice QCD using the Sakurai-Sugiura Method: Hiroya Suno, Yoshifumi Nakamura, Ken-Ichi Ishikawa, Yoshinobu Kuramashi, Yasunori Futamura, Akira Imakura, and Tetsuya Sakurai -- Properties of Definite Bethe–Salpeter Eigenvalue Problems: Meiyue Shao and Chao Yang -- Preconditioned Iterative Methods for Eigenvalue Counts: Eugene Vecharynski and Chao Yang -- Comparison of Tridiagonalization Methods using High-precision Arithmetic with MuPAT: Ryoya Ino, Kohei Asami, Emiko Ishiwata, and Hidehiko Hasegawa -- Computation of Eigenvectors for a Specially Structured Banded Matrix: Hiroshi Takeuchi, Kensuke Aihara, Akiko Fukuda, and Emiko Ishiwata -- Monotonic Convergence to Eigenvalues of Totally Nonnegative Matrices in an Integrable variant of the Discrete Lotka-Volterra System: Akihiko Tobita, Akiko Fukuda, Emiko Ishiwata, Masashi Iwasaki, and Yoshimasa Nakamura -- Accuracy Improvement of the Shifted Block BiCGGR Method for Linear Systems with Multiple Shifts and Multiple Right-Hand Sides: Hiroto Tadano, Shusaku Saito, and Akira Imakura -- Memory-Saving Technique for the Sakurai–Sugiura Eigenvalue Solver using the Shifted Block Conjugate Gradient Method: Yasunori Futamura and Tetsuya Sakurai -- Filter Diagonalization Method by Using a Polynomial of a Resolvent as the Filter for a Real Symmetric-Definite Generalized Eigenproblem: Hiroshi Murakami -- Off-Diagonal Perturbation, First-Order Approximation and Quadratic Residual Bounds for Matrix Eigenvalue Problems: Yuji Nakatsukasa.- An Elementary Derivation of the Projection Method for Nonlinear Eigenvalue Problems Based on Complex Contour Integration: Yusaku Yamamoto.- Fast Multipole Method as a Matrix-Free Hierarchical Low-Rank Approximation: Rio Yokota, Huda Ibeid, and David Keyes.- Recent Progress in Linear Response Eigenvalue Problems: Zhaojun Bai and Ren-Cang Li.
520 ## - SUMMARY, ETC.
Summary, etc This book provides state-of-the-art and interdisciplinary topics on solving matrix eigenvalue problems, particularly by using recent petascale and upcoming post-petascale supercomputers. It gathers selected topics presented at the International Workshops on Eigenvalue Problems: Algorithms; Software and Applications, in Petascale Computing (EPASA2014 and EPASA2015), which brought together leading researchers working on the numerical solution of matrix eigenvalue problems to discuss and exchange ideas – and in so doing helped to create a community for researchers in eigenvalue problems. The topics presented in the book, including novel numerical algorithms, high-performance implementation techniques, software developments and sample applications, will contribute to various fields that involve solving large-scale eigenvalue problems.
506 ## - RESTRICTIONS ON ACCESS NOTE
Terms governing access Available to subscribing member institutions only. Доступно лише організаціям членам підписки.
506 ## - RESTRICTIONS ON ACCESS NOTE
Standardized terminology for access restriction Online access from local network of NaUOA.
506 ## - RESTRICTIONS ON ACCESS NOTE
Standardized terminology for access restriction Online access with authorization at https://link.springer.com/
506 ## - RESTRICTIONS ON ACCESS NOTE
Standardized terminology for access restriction Онлайн-доступ з локальної мережі НаУОА.
506 ## - RESTRICTIONS ON ACCESS NOTE
Standardized terminology for access restriction Онлайн доступ з авторизацією на https://link.springer.com/
650 #0 - SUBJECT ADDED ENTRY--TOPICAL TERM
Topical term or geographic name as entry element Computer mathematics.
650 #0 - SUBJECT ADDED ENTRY--TOPICAL TERM
Topical term or geographic name as entry element Computer software.
650 #0 - SUBJECT ADDED ENTRY--TOPICAL TERM
Topical term or geographic name as entry element Numerical analysis.
650 #0 - SUBJECT ADDED ENTRY--TOPICAL TERM
Topical term or geographic name as entry element Physics.
650 #0 - SUBJECT ADDED ENTRY--TOPICAL TERM
Topical term or geographic name as entry element Algorithms.
650 14 - SUBJECT ADDED ENTRY--TOPICAL TERM
Topical term or geographic name as entry element Computational Science and Engineering.
-- http://scigraph.springernature.com/things/product-market-codes/M14026
650 24 - SUBJECT ADDED ENTRY--TOPICAL TERM
Topical term or geographic name as entry element Mathematical Software.
-- http://scigraph.springernature.com/things/product-market-codes/M14042
650 24 - SUBJECT ADDED ENTRY--TOPICAL TERM
Topical term or geographic name as entry element Numerical Analysis.
-- http://scigraph.springernature.com/things/product-market-codes/M14050
650 24 - SUBJECT ADDED ENTRY--TOPICAL TERM
Topical term or geographic name as entry element Numerical and Computational Physics, Simulation.
-- http://scigraph.springernature.com/things/product-market-codes/P19021
650 24 - SUBJECT ADDED ENTRY--TOPICAL TERM
Topical term or geographic name as entry element Algorithms.
-- http://scigraph.springernature.com/things/product-market-codes/M14018
700 1# - ADDED ENTRY--PERSONAL NAME
Personal name Sakurai, Tetsuya.
Relator term editor.
Relator code edt
-- http://id.loc.gov/vocabulary/relators/edt
700 1# - ADDED ENTRY--PERSONAL NAME
Personal name Zhang, Shao-Liang.
Relator term editor.
Relator code edt
-- http://id.loc.gov/vocabulary/relators/edt
700 1# - ADDED ENTRY--PERSONAL NAME
Personal name Imamura, Toshiyuki.
Relator term editor.
Relator code edt
-- http://id.loc.gov/vocabulary/relators/edt
700 1# - ADDED ENTRY--PERSONAL NAME
Personal name Yamamoto, Yusaku.
Relator term editor.
Relator code edt
-- http://id.loc.gov/vocabulary/relators/edt
700 1# - ADDED ENTRY--PERSONAL NAME
Personal name Kuramashi, Yoshinobu.
Relator term editor.
Relator code edt
-- http://id.loc.gov/vocabulary/relators/edt
700 1# - ADDED ENTRY--PERSONAL NAME
Personal name Hoshi, Takeo.
Relator term editor.
Relator code edt
-- http://id.loc.gov/vocabulary/relators/edt
710 2# - ADDED ENTRY--CORPORATE NAME
Corporate name or jurisdiction name as entry element SpringerLink (Online service)
773 0# - HOST ITEM ENTRY
Title Springer eBooks
776 08 - ADDITIONAL PHYSICAL FORM ENTRY
Display text Printed edition:
International Standard Book Number 9783319624242
776 08 - ADDITIONAL PHYSICAL FORM ENTRY
Display text Printed edition:
International Standard Book Number 9783319624259
776 08 - ADDITIONAL PHYSICAL FORM ENTRY
Display text Printed edition:
International Standard Book Number 9783319873091
830 #0 - SERIES ADDED ENTRY--UNIFORM TITLE
Uniform title Lecture Notes in Computational Science and Engineering,
-- 1439-7358 ;
Volume number/sequential designation 117
856 40 - ELECTRONIC LOCATION AND ACCESS
Uniform Resource Identifier <a href="https://doi.org/10.1007/978-3-319-62426-6">https://doi.org/10.1007/978-3-319-62426-6</a>
912 ## -
-- ZDB-2-SMA
942 ## - ADDED ENTRY ELEMENTS (KOHA)
Koha item type ЕКнига

Немає доступних примірників.